Meaning, discourse and society
Includes bibliographical references (p. 273-282) and index; Part I. Meaning, the Mind and the Brain: 1. The cognitive turn; 2. The long history of mind linguistics; 3. What do we know about mental concepts?; 4. Morphing theoretical semes into 'real' concepts; 5. From mental representations...
Enregistré dans:
| Auteur principal: | |
|---|---|
| Format: | Livre |
| Langue: | Undetermined |
| Publié: |
New York
Cambridge University
2010
|
| Sujets: | |
| Accès en ligne: | http://lrc.tdmu.edu.vn/opac/search/detail.asp?aID=2&ID=25111 |
| Tags: |
Ajouter un tag
Pas de tags, Soyez le premier à ajouter un tag!
|
| Thư viện lưu trữ: | Trung tâm Học liệu Trường Đại học Thủ Dầu Một |
|---|
| LEADER | 01589nam a2200205Ia 4500 | ||
|---|---|---|---|
| 001 | TDMU_25111 | ||
| 008 | 210410s9999 xx 000 0 und d | ||
| 082 | |a 401 | ||
| 090 | |b T207 | ||
| 100 | |a Teubert, Wolfgang | ||
| 245 | 0 | |a Meaning, discourse and society | |
| 245 | 0 | |c Wolfgang Teubert | |
| 260 | |a New York | ||
| 260 | |b Cambridge University | ||
| 260 | |c 2010 | ||
| 300 | |a viii, 291 p. | ||
| 520 | |a Includes bibliographical references (p. 273-282) and index; Part I. Meaning, the Mind and the Brain: 1. The cognitive turn; 2. The long history of mind linguistics; 3. What do we know about mental concepts?; 4. Morphing theoretical semes into 'real' concepts; 5. From mental representations to conceptual ontologies; 6. What is meaning?; 7. Where should we look for meaning? -- Part II. Discourse and Society: 8. Language as discourse; 9. Society presupposes language, and language presupposes society; 10. A closer look at oral societies; 11. Differences between oral and literate societies; 12. Empirical linguistics deals only with recorded language; 13. Meaning, knowledge and the construction of reality; 14. The language of the scientific experimental report; 15. Diachronicity, intertextuality and hermeneutics; 16. Meaning and the interpretation of a haiku | ||
| 650 | |a Meaning (Psychology); Discourse analysis; Sociolinguistics; Ý nghĩa (Tâm lý học); Phân tích ngôn từ; Ngôn ngữ học xã hội | ||
| 856 | |u http://lrc.tdmu.edu.vn/opac/search/detail.asp?aID=2&ID=25111 | ||
| 980 | |a Trung tâm Học liệu Trường Đại học Thủ Dầu Một | ||